Brilliant Photoshop: What You Need to Know and How to do it (Record no. 4883)

MARC details
005 - DATE AND TIME OF LATEST TRANSACTION
control field 20250625031912.0
020 ## - INTERNATIONAL STANDARD BOOK NUMBER
International Standard Book Number 978-0-273-71438-5
082 ## - DEWEY DECIMAL CLASSIFICATION NUMBER
Classification number 650 AND
100 ## - MAIN ENTRY--PERSONAL NAME
Author name ANDERSON, A
245 ## - TITLE STATEMENT
Title Brilliant Photoshop: What You Need to Know and How to do it
260 ## - PUBLICATION, DISTRIBUTION, ETC.
Place of publication, distribution, etc. Harlow
Name of publisher, distributor, etc. Pearson Education Ltd
Date of publication, distribution, etc. 2007
300 ## - PHYSICAL DESCRIPTION
Extent xxii, 569p.: ill.; figures, pictures
Other physical details Index
Dimensions 23cm
700 ## - ADDED ENTRY--PERSONAL NAME
Other authors/Editors Steve Johnson
942 ## - ADDED ENTRY ELEMENTS (KOHA)
Source of classification or shelving scheme Dewey Decimal Classification
Koha item type Books
Holdings
Date last seen Total checkouts Full call number Barcode Cost, replacement price Price effective from Koha item type Lost status Source of classification or shelving scheme Damaged status Not for loan Withdrawn status Home library Current library Shelving location Date acquired Source of acquisition Cost, normal purchase price
06/25/2025   650 AND MZA0001784 150000.00 06/25/2025 Books   Dewey Decimal Classification       CBE Mwanza CBE Mwanza General Collection 07/16/2007 Library Budget 50000.00